La Fontaine et ses devanciers ou Histoire de l'apologue jusqu'a La Fontaine inclusivement / (Record no. 165614)

MARC details
000 -LEADER
campo de control de longitud fija 00642nam a2200181 i 4500
001 - NÚMERO DE CONTROL
campo de control 165614
003 - IDENTIFICADOR DE NÚMERO DE CONTROL
campo de control ES-MaACL
005 - FECHA Y HORA DE LA ÚLTIMA TRANSACCIÓN
campo de control 20251013211838.0
008 - DATOS DE LONGITUD FIJA--INFORMACIÓN GENERAL
campo de control de longitud fija 050905s1861 fr | |||||||| ||fre d
040 ## - FUENTE DE CATALOGACIÓN
Centro catalogador/agencia de origen CAM
Lengua de catalogación spa
Centro/agencia transcriptor CAM
100 1# - ENTRADA PRINCIPAL--NOMBRE DE PERSONA
Nombre de persona Souillié, Prosper.
9 (RLIN) 132850
245 13 - MENCIÓN DEL TÍTULO
Título La Fontaine et ses devanciers ou Histoire de l'apologue jusqu'a La Fontaine inclusivement /
Mención de responsabilidad, etc. par P. Soullié.
260 ## - PUBLICACIÓN, DISTRIBUCIÓN, ETC.
Lugar de publicación, distribución, etc. Paris :
Nombre del editor, distribuidor, etc. Auguste Durand ;
Lugar de publicación, distribución, etc. Angers :
Nombre del editor, distribuidor, etc. Cosnier et Lachèse,
Fecha de publicación, distribución, etc. 1861.
300 ## - DESCRIPCIÓN FÍSICA
Extensión XV, 332 p. ;
Dimensiones 22 cm.
600 14 - PUNTO DE ACCESO ADICIONAL DE MATERIA--NOMBRE DE PERSONA
Nombre de persona La Fontaine, Jean de,
Fechas asociadas al nombre 1621-1695
9 (RLIN) 69147
852 ## - LOCALIZACIÓN
Ubicación ES-MaACL
Número de control de estantería G-12551
Nota libre -- Enc. hol.
Holdings
Estatus retirado Estado de pérdida Estado de daño No para préstamo Colección Biblioteca de origen Biblioteca actual Ubicación en estantería Fecha de adquisición Fuente de adquisición Total de préstamos Signatura topográfica completa Código de barras Visto por última vez Precio de reemplazo Tipo de ítem Koha
        Libros del s. XIX Biblioteca del Ateneo de Madrid Biblioteca del Ateneo de Madrid Sala Pecera Planta 3 17/01/2008     G-12551 1173684 23/02/2023 23/02/2023 Libro impreso antiguo